La inflación (Registro nro. 5394)
[ vista simple ]
| 000 -LEADER | |
|---|---|
| fixed length control field | 01091 a2200205 4500 |
| 001 - CONTROL NUMBER | |
| control field | 54223 |
| 005 - DATE AND TIME OF LATEST TRANSACTION | |
| control field | 20260407155812.0 |
| 008 - FIXED-LENGTH DATA ELEMENTS--GENERAL INFORMATION | |
| fixed length control field | 260407a1974 arg spa d |
| 003 - CONTROL NUMBER IDENTIFIER | |
| control field | AR-UNSa-BCEJYS |
| 040 ## - CATALOGING SOURCE | |
| Original cataloging agency | AR-UNSa-BCEJYS |
| Language of cataloging | spa |
| Transcribing agency | AR-UNSa-BCEJYS |
| 080 ## - UNIVERSAL DECIMAL CLASSIFICATION NUMBER | |
| Universal Decimal Classification number | 336.748 |
| Common auxiliary subdivision | Precios del cambio de monedas. Movimientos de los precios de cambio. Fluctuaciones en los precios de cambio (Inflación, Deflación)<br/> |
| 041 ## - LANGUAGE CODE | |
| Language code of text/sound track or separate title | spa |
| 100 1# - MAIN ENTRY--PERSONAL NAME | |
| Personal name | Friedman, Irving S. |
| 245 10 - TITLE STATEMENT | |
| Title | La inflación |
| Name of part/section of a work | desastre mundial |
| 264 #1 - PRODUCTION, PUBLICATION, DISTRIBUTION, MANUFACTURE, AND COPYRIGHT NOTICE | |
| Place of production, publication, distribution, manufacture | México : |
| Name of producer, publisher, distributor, manufacturer | Diana |
| Date of production, publication, distribution, manufacture, or copyright notice | 1974 |
| 300 ## - PHYSICAL DESCRIPTION | |
| Extent | 247 p. |
| Dimensions | 23 cm. |
| 505 ## - FORMATTED CONTENTS NOTE | |
| Formatted contents note | 1. Introducción – 2. Las raíces de la inflación moderna – 3. Las décadas de 1950 y 1960: Revisión general – 4. Una ojeada más cuidadosa al mundo de la inflación persistente: Síntomas y efectos económicos – 5. Una ojeada más cuidadosa al mundo de la inflación persistente: Efectos sociales y políticos – 6. La inflación persistente y el sistema monetario internacional – 7. La solución de la inflación persistente. |
| 590 ## - LOCAL NOTE (RLIN) | |
| Local note | niveau_biblio:m niveau_hierar:0 |
| 942 ## - ADDED ENTRY ELEMENTS (KOHA) | |
| Koha item type | |
| Withdrawn status | Lost status | Damaged status | Not for loan | Home library | Current library | Shelving location | Date acquired | Total checkouts | Full call number | Barcode | Date last seen | Price effective from | Koha item type |
|---|---|---|---|---|---|---|---|---|---|---|---|---|---|
| Biblioteca Prof. Eusebio Cleto del Rey | Biblioteca Prof. Eusebio Cleto del Rey | 07/04/2026 | 336.748 F899 | L33638 | 07/04/2026 | 07/04/2026 | Libro | ||||||
| Biblioteca Prof. Eusebio Cleto del Rey | Biblioteca Prof. Eusebio Cleto del Rey | 07/04/2026 | 336.748 F899 | L13310 | 07/04/2026 | 07/04/2026 | Libro |